[Event "September Blitz"]
[Site "SchemingMind.com"]
[Date "2014.09.21"]
[Round "-"]
[White "David Perna-Fraser"]
[Black "rookie31"]
[Result "1/2-1/2"]
[WhiteCountry "CAN"]
[BlackCountry "IND"]
[WhiteElo "2156"]
[WhiteRD "66"]
[BlackElo "2187"]
[BlackRD "66"]
[GameID "364652"]

1. e4 c6 2. d4 d5 3. exd5 cxd5 4. Bd3 Nf6 5. Nf3 Nc6 6. Bf4 Bg4 7. c3 e6 8. O-O Bd6 9. Bxd6 Qxd6 10. h3 Bf5
11. Bxf5 exf5 12. Re1+ Ne4 13. c4 dxc4 14. Nbd2 O-O 15. Nxc4 Qf6 16. Nce5 Nxe5 17. Nxe5 Rad8 18. f3 Nc5 19. Rc1 Ne6 20. Qb3 b6
21. d5 Nf4 22. Nc6 Rde8 23. Qc2 Nxd5 24. Rxe8 Rxe8 25. Qd2 Ne3 26. Nxa7 f4 27. Rc8 Rxc8 28. Nxc8 h6 29. a3 Kh7 30. Nd6 Qe5
31. Qd3+ Kg8 32. Qd2 Qe6 33. Ne4 Qa2 34. Qc1 Qc4 35. Qxc4 Nxc4 36. b4 Nxa3 37. Nc3 Nc2 38. Nd5 Kf8 39. Kf2 Ke8 40. b5 g5
41. Nxb6 Na3 42. h4 Nxb5 43. hxg5 hxg5 44. g3=
1/2-1/2

[Event "September Blitz"]
[Site "SchemingMind.com"]
[Date "2014.09.26"]
[Round "-"]
[White "khayman"]
[Black "rookie31"]
[Result "1-0"]
[WhiteCountry "ENG"]
[BlackCountry "IND"]
[WhiteElo "2467"]
[WhiteRD "103"]
[BlackElo "2187"]
[BlackRD "66"]
[GameID "365046"]

1. d4 d5 2. c4 c6 3. g3 Nf6 4. Bg2 e6 5. Qc2 Nbd7 6. Nf3 Be7 7. Nbd2 b6 8. O-O Bb7 9. e4 O-O 10. e5 Ng4
11. cxd5 cxd5 12. Nb1 Rc8 13. Nc3 b5 14. a3 Nb6 15. Qd3 Nc4 16. Ne2 f6 17. exf6 Bxf6 18. Nf4 Qe8 19. Bh3 h5 20. Qg6
1-0

[Event "September Blitz"]
[Site "SchemingMind.com"]
[Date "2014.09.26"]
[Round "-"]
[White "rookie31"]
[Black "khayman"]
[Result "0-1"]
[WhiteCountry "IND"]
[BlackCountry "ENG"]
[WhiteElo "2187"]
[WhiteRD "66"]
[BlackElo "2467"]
[BlackRD "103"]
[GameID "365047"]

1. e4 e5 2. Nf3 Nc6 3. Bb5 a6 4. Ba4 Nf6 5. O-O b5 6. Bb3 Bb7 7. a4 Nxe4 8. Re1 d5 9. axb5 axb5 10. Rxa8 Bxa8
11. d3 Nc5 12. Ba2 Ne6 13. Nc3 Bb4 14. Bd2 Bxc3 15. bxc3 O-O 16. Nxe5 Nxe5 17. Rxe5 c5 18. Qe1 c4 19. f4 Qd6 20. d4 Bc6
21. f5 Nd8 22. Bb1 f6 23. Re2 Nf7 24. Re6 Qc7 25. g4 Bd7 26. Re7 Qd6 27. Re2 h6 28. Kg2 Ng5 29. Bxg5 hxg5 30. Qg3 Qxg3+
31. Kxg3 Kf7
0-1

[Event "September Blitz"]
[Site "SchemingMind.com"]
[Date "2014.09.25"]
[Round "-"]
[White "khayman"]
[Black "John Hamer"]
[Result "1-0"]
[WhiteCountry "ENG"]
[BlackCountry "ENG"]
[WhiteElo "2467"]
[WhiteRD "103"]
[BlackElo "2064"]
[BlackRD "57"]
[GameID "365048"]

1. d4 Nf6 2. c4 d5 3. cxd5 Nxd5 4. Nf3 Bf5 5. Nbd2 Nf6 6. Qb3 Qc8 7. e4 Nxe4 8. Nxe4 Bxe4 9. Ng5 Bg6 10. Bc4 e6
11. O-O Bd6 12. Nxe6 fxe6 13. Bxe6 Qd8 14. Qxb7 Nd7 15. Qc6 Rb8 16. Re1
1-0

[Event "September Blitz"]
[Site "SchemingMind.com"]
[Date "2014.09.25"]
[Round "-"]
[White "John Hamer"]
[Black "khayman"]
[Result "0-1"]
[WhiteCountry "ENG"]
[BlackCountry "ENG"]
[WhiteElo "2064"]
[WhiteRD "57"]
[BlackElo "2467"]
[BlackRD "103"]
[GameID "365049"]

1. d4 Nf6 2. c4 g6 3. f3 Bg7 4. e4 d6 5. Ne2 O-O 6. Be3 Nbd7 7. Qd2 c5 8. Nbc3 a6 9. Rd1 b6 10. Nc1 cxd4
11. Bxd4 Bb7 12. Be2 Rc8 13. O-O Re8 14. Rfe1 e6 15. b3 Qc7 16. g4 h6 17. Be3 d5 18. exd5 exd5 19. Bxh6 Bxh6 20. Qxh6 dxc4
21. Bxc4 Ne5 22. Rxe5 Qxe5 23. Qxg6+ Kh8 24. Qh6+= Nh7 25. Nd5 Re6 26. f4 Qd6
0-1

[Event "September Blitz"]
[Site "SchemingMind.com"]
[Date "2014.09.30"]
[Round "-"]
[White "khayman"]
[Black "SAMAEL"]
[Result "1-0"]
[WhiteCountry "ENG"]
[BlackCountry "CAN"]
[WhiteElo "2536"]
[WhiteRD "96"]
[BlackElo "1548"]
[BlackRD "46"]
[GameID "365050"]

1. d4 d5 2. c4 e6 3. g3 Nf6 4. Bg2 c6 5. Nf3 Be7 6. O-O O-O 7. Nbd2 Nbd7 8. Qc2 h6 9. b3 Re8 10. e4 dxe4
11. Nxe4 Nxe4 12. Qxe4 Nf6 13. Qe2 Bd7 14. Ne5 Nh7 15. Bxh6 Bf6 16. Bf4 Bc8 17. Be4 Nf8 18. Rad1 Qe7 19. h4 Nd7 20. Qh5 g6
21. Nxg6 fxg6 22. Bxg6
1-0

[Event "September Blitz"]
[Site "SchemingMind.com"]
[Date "2014.09.27"]
[Round "-"]
[White "SAMAEL"]
[Black "khayman"]
[Result "0-1"]
[WhiteCountry "CAN"]
[BlackCountry "ENG"]
[WhiteElo "1548"]
[WhiteRD "46"]
[BlackElo "2536"]
[BlackRD "96"]
[GameID "365051"]

1. e4 e5 2. Nf3 Nc6 3. d3 Nf6 4. Be2 d5 5. exd5 Nxd5 6. Bd2 Bc5 7. O-O O-O 8. Nc3 Nxc3 9. Bxc3 f6 10. h3 Be6
11. a3 a5 12. Kh1 Qd7 13. Bd2 Ne7 14. b4 Bb6 15. c3 axb4 16. axb4 c6 17. Qc2 Rxa1 18. Rxa1 Bxf2 19. Bf1 Nf5 20. Bf4 Bg3
21. Bd2 Bd5 22. Ng1 Bf2 23. Ne2 Ng3+ 24. Kh2 Nf5 25. c4 Bf7
0-1

[Event "September Blitz"]
[Site "SchemingMind.com"]
[Date "2014.09.25"]
[Round "-"]
[White "khayman"]
[Black "Stephen Woodhouse"]
[Result "1-0"]
[WhiteCountry "ENG"]
[BlackCountry "ENG"]
[WhiteElo "2467"]
[WhiteRD "103"]
[BlackElo "1811"]
[BlackRD "48"]
[GameID "365052"]

1. d4 e6 2. e4 d5 3. Nc3 Nf6 4. e5 Nfd7 5. f4 c5 6. Nf3 Nc6 7. Be3 cxd4 8. Nxd4 Bc5 9. Qd2 O-O 10. g3 Bxd4
11. Bxd4 Nxd4 12. Qxd4 Qb6 13. Qxb6 Nxb6 14. O-O-O Bd7 15. b3 Rac8 16. Kb2 Rc7 17. Bd3 Rfc8 18. Ne2 a6 19. Nd4 Be8 20. f5 exf5
21. Nxf5 g6 22. Nd6 Rd8 23. Rhf1 Nc8 24. Rf6 Nxd6 25. Rxd6 Rxd6 26. exd6 Rd7 27. c4 Rxd6 28. Be4 Kg7 29. Kc3 f5 30. Bxd5 Bc6
31. Kd4 Bxd5 32. cxd5 Kf6 33. Re1 b6 34. Rc1 g5 35. Rc6 Rxc6 36. dxc6 Ke6 37. c7 Kd7 38. c8=Q+ Kxc8 39. Ke5 f4 40. gxf4 gxf4
41. Kxf4 Kd7 42. Kg5 Ke7 43. Kh6 b5 44. Kxh7 Kf7 45. b4
1-0

[Event "September Blitz"]
[Site "SchemingMind.com"]
[Date "2014.09.25"]
[Round "-"]
[White "Stephen Woodhouse"]
[Black "khayman"]
[Result "0-1"]
[WhiteCountry "ENG"]
[BlackCountry "ENG"]
[WhiteElo "1838"]
[WhiteRD "49"]
[BlackElo "2445"]
[BlackRD "113"]
[GameID "365053"]

1. e4 c5 2. c3 d5 3. exd5 Qxd5 4. d4 Nf6 5. Nf3 Nc6 6. Be3 Bf5 7. Be2 cxd4 8. cxd4 e6 9. O-O Bxb1 10. Qxb1 Bd6
11. b3 O-O 12. Qd3 Nb4 13. Qb5 Qxb5 14. Bxb5 a6 15. Be2 Rac8 16. Bd2 Nc2 17. Rac1 Ba3 18. Rb1 Ne4 19. Bc1 Nc3 20. Bxa3 Nxe2+
21. Kh1 Nxa3 22. Rbe1 Rc2
0-1

[Event "September Blitz"]
[Site "SchemingMind.com"]
[Date "2014.09.25"]
[Round "-"]
[White "khayman"]
[Black "xarxziux"]
[Result "1-0"]
[WhiteCountry "ENG"]
[BlackCountry "IRL"]
[WhiteElo "2536"]
[WhiteRD "96"]
[BlackElo "1877"]
[BlackRD "62"]
[GameID "365054"]

1. d4 d6 2. e4 Nf6 3. Nc3 e5 4. dxe5 dxe5 5. Qxd8+ Kxd8 6. Bc4 Bb4 7. Bd2 Ke7 8. a3 Bd6 9. O-O-O Nbd7 10. Nge2 Nb6
11. Bb3 Be6 12. Bxe6 Kxe6 13. Kb1 Rhd8 14. h3 c6 15. f4 Nc4 16. Bc1 exf4 17. Nd4+ Kd7 18. Nf5 Ke6 19. Nxg7+ Ke7 20. Nf5+ Ke6
21. Rd4 Ne3 22. Rxd6+ Rxd6 23. Nxd6 Kxd6 24. g3 Nc4 25. gxf4 Ke6 26. Rd1 Rg8 27. b3 Nb6 28. a4
1-0

[Event "September Blitz"]
[Site "SchemingMind.com"]
[Date "2014.09.26"]
[Round "-"]
[White "xarxziux"]
[Black "khayman"]
[Result "0-1"]
[WhiteCountry "IRL"]
[BlackCountry "ENG"]
[WhiteElo "1877"]
[WhiteRD "62"]
[BlackElo "2536"]
[BlackRD "96"]
[GameID "365055"]

1. Nf3 g6 2. g3 Bg7 3. Bg2 c5 4. O-O Nf6 5. c4 O-O 6. Nc3 d5 7. cxd5 Nxd5 8. d4 Nxc3 9. bxc3 Nc6 10. d5 Na5
11. Qd3 a6 12. e4 Bd7 13. Rd1 b5 14. Rb1 Nc4 15. Nd2 Ne5 16. Qe2 c4 17. Nf3 Bg4 18. Bb2 Qa5 19. h3 Bxf3 20. Bxf3 Nd3
21. Qc2 Rad8 22. Ba1 e6 23. Be2 exd5 24. Bxd3 cxd3 25. Rxd3 dxe4 26. Rxd8 Rxd8 27. Qxe4 Qxa2 28. Re1 a5
0-1

[Event "September Blitz"]
[Site "SchemingMind.com"]
[Date "2014.09.26"]
[Round "-"]
[White "khayman"]
[Black "David Perna-Fraser"]
[Result "1/2-1/2"]
[WhiteCountry "ENG"]
[BlackCountry "CAN"]
[WhiteElo "2467"]
[WhiteRD "103"]
[BlackElo "2156"]
[BlackRD "66"]
[GameID "365056"]

1. d4 Nf6 2. c4 g6 3. g3 Bg7 4. Bg2 O-O 5. Nc3 c5 6. Nf3 d5 7. cxd5 Nxd5 8. O-O Nxc3 9. bxc3 cxd4 10. cxd4 Nc6
11. Rb1 Nxd4 12. Nxd4 Qxd4 13. Bg5 Rd8 14. Bxe7 Qxd1 15. Rbxd1 Rxd1 16. Rxd1 Bg4 17. Bxb7 Bxe2 18. Bxa8=
1/2-1/2

[Event "September Blitz"]
[Site "SchemingMind.com"]
[Date "2014.09.27"]
[Round "-"]
[White "David Perna-Fraser"]
[Black "khayman"]
[Result "0-1"]
[WhiteCountry "CAN"]
[BlackCountry "ENG"]
[WhiteElo "2156"]
[WhiteRD "66"]
[BlackElo "2467"]
[BlackRD "103"]
[GameID "365057"]

1. e4 e5 2. Nf3 Nc6 3. Bc4 Bc5 4. O-O Nf6 5. d4 Bxd4 6. Nxd4 Nxd4 7. f4 d6 8. fxe5 dxe5 9. Bg5 Qe7 10. Na3 Rf8
11. Qe1 Bd7 12. Qf2 Ne6 13. Bxf6 gxf6 14. Rad1 a6 15. Bd5 Nf4 16. Bxb7 Rg8 17. Kh1 Rxg2 18. Qh4 Rb8 19. Rxf4 exf4 20. Kxg2 Rxb7
21. Qxh7 Qe6 22. e5 fxe5 23. Qh8+ Ke7 24. Qh4+ f6 25. Qh7+ Kd8 26. Qh8+ Qe8 27. Qxf6+ Kc8 28. Qxa6 Kb8 29. Kf1 Qh5 30. Qd3 Bf5
31. Qd8+ Bc8 32. h4 Qf3+ 33. Ke1 e4
0-1